000 00684nam a2200205 i 4500
001 80979
003 ES-MaACL
005 20231204183644.0
007 t|
008 041102s1967 sp ||||1| spa d
100 1 _aHoyle, Fred.
_964423
245 1 0 _aAstronomía /
_cFred Hoyle ; [traducción por: Rafael Vázquez Zamora ; revisado por: Mª Asunción Catalá Poch].
250 _a[1ª ed.].
260 _aBarcelona :
_bDestino,
_c[1967]
300 _a316 p., 4 lám. :
_bil. ;
_c28 cm.
700 1 _aVázquez Zamora, Rafael,
_d1911-1972
_9113498
700 1 _aCatalá Poch, María Asunción.
_937013
852 _aES-MaACL
_jC-32942
_bR.63244
999 _c80979
_d80979